000
00291nam a22001337a 4500
008
180903b xxu||||| |||| 00| 0 eng d
020
_a
9780805382846
041
_a
eng
080
_a
611
100
_a
7
101
_a
ANA
245
_a
Get Ready For A P
_c
Garrett.l.K
942
_2
udc
_c
BK
999
_c
47466
_d
47466